Т. 84, № 3; Ядерная физика

Dades bibliogràfiques
Parent link:Ядерная физика/ Российская академия наук. Т. 84, № 3.— , 1965-
Idioma:rus
Publicat: 2021
Accés en línia:https://sciencejournals.ru/view-issue/?j=yadfiz&y=2021&v=84&n=3
Format: Electrònic Llibre
KOHA link:https://koha.lib.tpu.ru/cgi-bin/koha/opac-detail.pl?biblionumber=590009

MARC

LEADER 00000nam2a2200000 4500
001 590009
005 20231101131603.0
035 |a (RuTPU)RU\TPU\prd\292725 
035 |a RU\TPU\prd\292724 
090 |a 590009 
100 |a 20230130a19659999k y0rusy50 ca 
101 0 |a rus 
102 |a RU 
181 0 |a i  
182 0 |a b 
200 0 |a Т. 84, № 3  |b Электронный ресурс 
203 |a Текст  |c электронный 
210 |d 2021 
461 1 |0 (RuTPU)RU\TPU\prd\397  |t Ядерная физика  |f Российская академия наук  |v Т. 84, № 3  |d 1965- 
801 0 |a RU  |b 63413507  |c 20010227  |g PSBO 
801 1 |a RU  |b 63413507  |c 20170713 
801 2 |a RU  |b 63413507  |c 20230130  |g RCR 
856 4 0 |u https://sciencejournals.ru/view-issue/?j=yadfiz&y=2021&v=84&n=3 
942 |c BK